UM Logo

International relations/ (Record no. 5914)

MARC details
000 -LEADER
fixed length control field 00674nam a22002057a 4500
008 - FIXED-LENGTH DATA ELEMENTS--GENERAL INFORMATION
fixed length control field 161202b xxu||||| |||| 00| 0 eng d
020 ## - INTERNATIONAL STANDARD BOOK NUMBER
International Standard Book Number 978-1-305-09418-5
082 ## - DEWEY DECIMAL CLASSIFICATION NUMBER
Edition number 2016.
Classification number DC 327
Item number Sco83
100 ## - MAIN ENTRY--PERSONAL NAME
9 (RLIN) 17918
Personal name Scott, James
245 ## - TITLE STATEMENT
Title International relations/
Statement of responsibility, etc. James Scott, Ralph Carter and Cooper Drury.
250 ## - EDITION STATEMENT
Edition statement Student Edition 2.
260 ## - PUBLICATION, DISTRIBUTION, ETC. (IMPRINT)
Place of publication, distribution, etc. United States of America:
Name of publisher, distributor, etc. Cengage Learning,
Date of publication, distribution, etc. c2016.
300 ## - PHYSICAL DESCRIPTION
Extent xvi, 466 pages:
Other physical details color illustrations;
Dimensions 27 cm.
500 ## - GENERAL NOTE
General note Includes index.
650 #0 - SUBJECT ADDED ENTRY--TOPICAL TERM
9 (RLIN) 17934
Topical term or geographic name as entry element International relations.
700 ## - ADDED ENTRY--PERSONAL NAME
9 (RLIN) 17919
Personal name Carter, Ralph
700 ## - ADDED ENTRY--PERSONAL NAME
9 (RLIN) 17920
Personal name Drury, Cooper
365 ## - TRADE PRICE
Price amount 5,775.00
Currency code Php
942 ## - ADDED ENTRY ELEMENTS (KOHA)
Source of classification or shelving scheme Dewey Decimal Classification
Koha item type Circulation
Holdings
Withdrawn status Lost status Source of classification or shelving scheme Damaged status Not for loan Collection code Home library Current library Shelving location Date acquired Source of acquisition Cost, normal purchase price Total Checkouts Full call number Barcode Date last seen Date last checked out Copy number Price effective from Koha item type
    Dewey Decimal Classification     Circulation UM Digos College - LIC UM Digos College - LIC Book Cart 10/27/2016 Purchased 5775.00 4 DC 327 Sco83 2016 24641 05/15/2025 11/12/2020 1 12/02/2016 Circulation